| 000 | 01207nam a22002897a 4500 | ||
|---|---|---|---|
| 003 | CSPC | ||
| 005 | 20260317134100.0 | ||
| 008 | 260317c2021 ph r j i 00 0 eng d | ||
| 022 | _a1908-3297 | ||
| 040 |
_aCSPC _cCSPC _beng _erda |
||
| 245 | 1 | 4 |
_aThe 4th Philippine graduate tracer study : _bexamining higher education as a pathway to employment, citizenship, and Life satisfaction from the learner's perspective. |
| 264 |
_aQuezon City : _bPhilippine Institute for Development Studies. _c2021. |
||
| 300 |
_avolumes : _billustrations ; _c23 cm. |
||
| 336 |
_2rdacontent _atext |
||
| 337 |
_2rdamedia _aunmediated |
||
| 338 |
_2rdacarrier _avolumes |
||
| 362 | _aNumber 5 | ||
| 490 | 1 | _aResearch paper series no. 2021-05 | |
| 504 | _aIncludes bibliographical references | ||
| 650 | 4 |
_aEducation, Higher _xPeriodicals. _zPhilippines |
|
| 650 | 4 |
_aSchool-to-work transition _xPeriodicals. |
|
| 700 | 1 |
_aTutor, Melba V., _eeditor. |
|
| 700 | 1 |
_aOrbeta, Aniceto C. Jr., _eeditor. |
|
| 700 | 1 |
_aMiraflor, James Matthew B., _eeditor. |
|
| 942 |
_2ddc _n0 _cSERIALS _h378.9599 _iA79 _kSER _m2021 |
||
| 999 |
_c32075 _d32075 |
||